Qualitative research for education : (Record no. 2059)
[ view plain ]
| 000 -LEADER | |
|---|---|
| fixed length control field | 00628pam a2200205 a 4500 |
| 001 - CONTROL NUMBER | |
| control field | 2012979 |
| 005 - DATE AND TIME OF LATEST TRANSACTION | |
| control field | 20241211142956.0 |
| 008 - FIXED-LENGTH DATA ELEMENTS--GENERAL INFORMATION | |
| fixed length control field | 910422s1992 maua b 001 0 eng |
| 020 ## - INTERNATIONAL STANDARD BOOK NUMBER | |
| International Standard Book Number | 0205132669 |
| 050 00 - LIBRARY OF CONGRESS CALL NUMBER | |
| Classification number | LB1028 |
| Item number | .B56 1992 |
| 082 00 - DEWEY DECIMAL CLASSIFICATION NUMBER | |
| Classification number | 370/.7/8 |
| Edition information | 20 |
| 100 1# - MAIN ENTRY--PERSONAL NAME | |
| Personal name | Bogdan, Robert. |
| 245 10 - TITLE STATEMENT | |
| Title | Qualitative research for education : |
| Remainder of title | an introduction to theory and methods / |
| Statement of responsibility, etc. | Robert C. Bogdan, Sari Knopp Biklen. |
| 250 ## - EDITION STATEMENT | |
| Edition statement | 2nd ed. |
| 260 ## - PUBLICATION, DISTRIBUTION, ETC. | |
| Place of publication, distribution, etc. | Boston : |
| Name of publisher, distributor, etc. | Allyn and Bacon, |
| Date of publication, distribution, etc. | c1992. |
| 300 ## - PHYSICAL DESCRIPTION | |
| Extent | x, 262 p. : |
| Other physical details | ill. ; |
| Dimensions | 24 cm. |
| 650 #0 - SUBJECT ADDED ENTRY--TOPICAL TERM | |
| Topical term or geographic name entry element | Education |
| General subdivision | Research. |
| 700 1# - ADDED ENTRY--PERSONAL NAME | |
| Personal name | Biklen, Sari Knopp. |
| 942 ## - ADDED ENTRY ELEMENTS (KOHA) | |
| Source of classification or shelving scheme | Library of Congress Classification |
| Koha item type | Books |
| Suppress in OPAC | No |
| 999 ## - | |
| -- | 2059 |
| -- | 2059 |
| Withdrawn status | Lost status | Source of classification or shelving scheme | Damaged status | Not for loan | Collection | Home library | Current library | Shelving location | Date acquired | Total checkouts | Full call number | Barcode | Date last seen | Copy number | Price effective from | Koha item type |
|---|---|---|---|---|---|---|---|---|---|---|---|---|---|---|---|---|
| Library of Congress Classification | Non-fiction | Undergraduate Library (Christ Temple) | Undergraduate Library (Christ Temple) | General stacks | 12/11/2024 | LB1028 BOG | ulct00000588 | 12/11/2024 | 1 | 12/11/2024 | Books |